Republican Presidential Nominees - Statistics

General Stats
  • This quiz has been taken 103 times
  • The average score is 33 of 42
Answer Stats
Year Nominee % Correct
2020 Donald Trump
100%
2016 Donald Trump
100%
1992 George H.W. Bush
99%
1988 George H.W. Bush
99%
2004 George W. Bush
99%
2000 George W. Bush
99%
1984 Ronald Reagan
99%
1980 Ronald Reagan
99%
2008 John McCain
98%
1972 Richard Nixon
96%
1968 Richard Nixon
96%
1960 Richard Nixon
96%
1976 Gerald Ford
94%
1956 Dwight D. Eisenhower
91%
1952 Dwight D. Eisenhower
91%
1864 Abraham Lincoln
88%
1860 Abraham Lincoln
88%
1932 Herbert Hoover
87%
1928 Herbert Hoover
87%
2012 Mitt Romney
87%
1904 Theodore Roosevelt
82%
1924 Calvin Coolidge
81%
1996 Bob Dole
80%
1912 William Howard Taft
79%
1908 William Howard Taft
79%
1872 Ulysses S. Grant
78%
1868 Ulysses S. Grant
78%
1900 William McKinley
74%
1896 William McKinley
74%
1880 James A. Garfield
71%
1892 Benjamin Harrison
69%
1888 Benjamin Harrison
69%
1920 Warren G. Harding
69%
1964 Barry Goldwater
68%
1876 Rutherford B. Hayes
68%
1948 Thomas E. Dewey
64%
1944 Thomas E. Dewey
64%
1940 Wendell Willkie
45%
1936 Alf Landon
41%
1856 John C. Fremont
38%
1884 James G. Blaine
26%
1916 Charles Hughes
19%
No matching quizzes found
Score Distribution
Percent of People with Each Score
Percentile by Number Answered
Your Score History
You have not taken this quiz